000 00964nam a22002652 4500
001 0000004869
005 20151217151943.0
008 070530s xx 000 0 eng d
020 _a0130939137 :
040 _aKABU
_cKABU
050 0 _aRA418.5
_b.T73S64 2000
100 1 _aSpector, Rachel E.
_@0000155764
245 1 0 _aCultural diversity in health & illness /
_cRachel E. Spector.
250 _a5th ed.
260 _aUpper Saddle River, New Jersey :
_bPrentice Hall Health,
_c2000.
300 _axvi, 349 p. :
_bill. ;
_c23 cm.
504 _aIncludes bibliography [p. 317-337] and index.
650 0 _aTransculture medical care
_zUnited States.
_@0000155765
650 0 _aHealth attitudes
_zUnited States.
_@0000155766
908 _a070530
950 _@1
999 _c6692
_d6692